1845 1269 1966 1110 1086 1071 1536 1742 1078 1683 1310 1223 1918 1436 1771 1793 1278 1447 1339 1956 1476 1444 1689 1946 1825 1582 1489 1071 1628 1939 1448 1014 1794 1971 1018 1558 1954 1506 1188 1409 1080 1148 1796 1976 1728 1824 1646 1903 1299 1572 1800 1813 1131 1395 1770 1333 1796 1419 1701 1015 1309 1605 1677 1395 1380 1294 1095 1934 1425 1547 1133 1044 1361 1520 1858 1491 1374 1123 1602 1027 1485 1162 1429 1809 1424 1048 1235 1486 1556 1660 1542 1582 1246 1968 1224 1831 1317 1290 1087 BCNSPRNW ULIB Ver.6.0+V

เปลี่ยนเป็นภาษาไทย

Change to English
 แสดงรายละเอียดบรรณานุกรม
  กลับหน้าหลัก

Brief Record : Get Marc (ISO 2709) : E-mail record : QR code < ปิดหน้าต่าง
LEADER : 00000nam 2200000uu 4500
001    13399114514
003     ULIB
008    120411s2012||||th 000 0 eng d
024    ^a9781437722147
060  4 ^aWY150^bL761i
100 0  ^aLinton
245 00 ^aIntroduction to medical-surgical nursing/^cMaebius, Nancy K.
250    ^a5th ed Study Guide
260    ^aSt.Louis:^bElsevier Saunders,^c2012.
300    ^a388 p:^bill.
650  7 ^aNursing care
650  7 ^aNursing Process
945    ^p0^l0^i031628
995    ^aKesorn
999    ^aใช้งานได้ทุกระบบ
รายการนี้ยังไม่มีแท็ก
คุณยังไม่ได้ล็อกอิน คุณสามารถมีกิจกรรมร่วมกับเว็บไซต์ได้ แต่ต้องล็อกอินก่อน ::
  ล็อกอิน

รายการสื่อสารสนเทศ

ลำดับที่ ประเภท เลขเรียก/บาร์โค้ด สถานที่ สถานะ
- ไม่พบข้อมูล -

รายการใกล้เคียง
    ผู้แต่ง [Linton]

    หัวเรื่อง [Nursing care]
    หัวเรื่อง [Nursing Process]

BibComment


ยังไม่เคยถูกคอมเมนท์

คอมเมนท์ทรัพยากรรายการนี้
  คอมเมนท์: Introduction to ..


 Copyright 2026. Bcnsprnw @Library